Statistics for IIHF World Junior Championship Gold Medalist

Click here to take the quiz!

General Stats

  • This quiz has been taken 26 times
  • The average score is 39 of 48

Answer Stats

HintAnswer% Correct
2022Canada
100%
2020Canada
100%
2018Canada
100%
2015Canada
100%
2023Canada
100%
2024United States
100%
2021United States
100%
2017United States
100%
2009Canada
96%
2019Finland
96%
2016Finland
96%
2011Russia
96%
2012Sweden
96%
2010United States
96%
2013United States
96%
2008Canada
91%
2007Canada
91%
2006Canada
91%
2005Canada
91%
2014Finland
91%
2003Russia
91%
2004United States
91%
2002Russia
87%
1999Russia
83%
1996Canada
78%
1993Canada
78%
1994Canada
78%
1995Canada
78%
2000Czechia
78%
2001Czechia
78%
1998Finland
78%
1997Canada
74%
1991Canada
65%
1990Canada
65%
1988Canada
65%
1985Canada
65%
1982Canada
65%
1983Soviet Union
65%
1992CIS (Former USSR)
61%
1987Finland
61%
1980Soviet Union
61%
1978Soviet Union
61%
1979Soviet Union
61%
1986Soviet Union
61%
1981Soviet Union
61%
1984Soviet Union
61%
1989Soviet Union
61%
1977Soviet Union
61%

Score Distribution

Percentile by Number Answered

Percent of People with Each Score

Your Score History

You have not taken this quiz